000 00690nam a22001937a 4500
003 OSt
005 20260121004206.0
008 260121b |||||||| |||| 00| 0 eng d
020 _a971-92221-7-4
040 _aDWC-Main lib
_cOC
082 _aFil. 332.601 Es74 2005
100 _aNograles, R.
245 _aEssential of investments in the philippine capital market workbook
_cNograles, Reynaldo R.
260 _aLas PiƱas City :
_bSouthville International School and Colleges,
_cc2005
300 _a174 pages ;
_c28 cm.
650 _2Investments-Workbook.
700 _aSantos, Rhoderick R.
942 _2ddc
_cBK - FIL
_hFil. 332.601 Es74 2005
_kFil.
_n0
999 _c7611
_d7611